ادارة الخوف / (رقم التسجيلة. 146604)

تفاصيل مارك
000 -الفاتح
عناصر البيانات ثابتة الطول 00821cam a2200217 i 4500
005 - تاريخ ووقت آخر معاملة
حقل ضبط 20251203104914.0
008 - عناصر البيانات ثابتة الطول
عناصر البيانات ثابتة الطول 250721s2022 ua gr 000 0 ara d
020 ## - الترقيم الدولي المعياري للكتب (ردمك)
الترقيم الدولي المعياري للكتب (ردمك) 9774083903
082 14 - رقم تصنيف ديوي العشري
رقم التصنيف 158
رقم المادة ج ا ر
100 1# - مدخل رئيسي – اسم شخصي
الاسم الشخصي جاردنر، جيمس
علاقة الشخص بالعمل/ دوره مؤلف.
245 10 - بيان العنوان
العنوان ادارة الخوف /
بيان المسؤولية تأليف جيمس جاردنز، آرثر بل ؛ إعداد قسم الترجمة بدار الفاروق.
250 ## - بيان الطبعة
بيان الطبعة الطبعة الثانية.
264 31 - بيانات النشر، التوزيع…إلخ
مكان النشر، التوزيع...إلخ القاهرة :
اسم الناشر، الموزع...إلخ دار الفاروق للنشر والتوزيع،
تاريخ النشر، التوزيع...إلخ 2022.
300 ## - الوصف المادي
عدد الوحدات المكونة للوعاء 231 صفحة.
650 17 - مدخل إضافي بالموضوع - مصطلح موضوعي
مصطلح موضوعي أو اسم جغرافي كعنصر مدخل الصحة النفسية.
650 17 - مدخل إضافي بالموضوع - مصطلح موضوعي
مصطلح موضوعي أو اسم جغرافي كعنصر مدخل الخوف.
700 1# - مدخل إضافي - اسم شخصي
الاسم الشخصي آرثر، بل
علاقة الشخص بالعمل/ دوره مؤلف.
710 2# - مدخل إضافي - اسم هيئة
اسم الهيئة أو السلطة المختصة كعنصر مدخل قسم الترجمة بدار الفاروق
علاقة الهيئة بالعمل/ دورالهئية معد.
942 ## - بيانات إضافية (كوها)
نوع التنصيف Dewey Decimal Classification
نوع المادة (كوها) كتب
المقتنيات
حالة السحب حالة الفقدان مصدر التصنيف حالة التلف غير قابل للإعارة المكتبة الرئيسية المكتبة الحالية موقع الرف تاريخ التزويد الرقم المتسلسل Total Checkouts رقم الإستدعاء الباركود تاريخ آخر ظهور تاريخ الفاتورة نوع المادة (كوها) مصدر التزويد العملة التكلفة، سعر الشراء العادي التكلفة وسعر الاستبدال
    Dewey Decimal Classification     المكتبة المركزية المكتبة المركزية الإعارة 28/07/2025 1787075   158 / ج ا ر PLD00510726 28/07/2025 28/07/2025 كتب        
    Dewey Decimal Classification     المكتبة المركزية المكتبة المركزية الإعارة 19/10/2025 1796724   158 / ج ا ر PLD00518139 19/10/2025 19/10/2025 كتب 18 JOD 5.00 5.00
    Dewey Decimal Classification     مكتبة أم قصير والمقابلين العامة مكتبة أم قصير والمقابلين العامة الإعارة 04/07/2024 1787076   158/جار PLD00510739 28/07/2025 04/07/2024 كتب        
    Dewey Decimal Classification     مكتبة الأميرة ايمان العامة مكتبة الأميرة ايمان العامة الإعارة 19/10/2025 1796726   158 / ج ا ر PLD00518141 19/10/2025 19/10/2025 كتب 18 JOD 5.00 5.00
    Dewey Decimal Classification     مكتبة الجويدة مكتبة الجويدة الإعارة 19/10/2025 1796727   158 / ج ا ر PLD00518142 19/10/2025 19/10/2025 كتب 18 JOD 5.00 5.00
    Dewey Decimal Classification     مكتبة الحسن العامة مكتبة الحسن العامة الإعارة 04/07/2024 1787078   158/جار PLD00510741 28/07/2025 04/07/2024 كتب        
    Dewey Decimal Classification     مكتبة حمزة العامة مكتبة حمزة العامة الإعارة 04/07/2024 1787079   158/جار PLD00510742 28/07/2025 04/07/2024 كتب        
    Dewey Decimal Classification     مكتبة صويلح العامة مكتبة صويلح العامة الإعارة 04/07/2024 1787080   158/جار PLD00510743 28/07/2025 04/07/2024 كتب        
    Dewey Decimal Classification     مكتبة صويلح العامة مكتبة صويلح العامة الإعارة 19/10/2025 1796725   158 / ج ا ر PLD00518140 19/10/2025 19/10/2025 كتب 18 JOD 5.00 5.00
    Dewey Decimal Classification     مكتبة وادي السير العامة مكتبة وادي السير العامة الإعارة 04/07/2024 1787077   158/جار PLD00510740 28/07/2025 04/07/2024 كتب        
Implemented & Customized by: BBB with SCIT (Smart Chains for Information Technology)

Powered by Koha